Statistics for Walking Dead: Season 7 Characters

Click here to take the quiz!

General Stats

  • This quiz has been taken 136 times
    (130 since last reset)
  • The average score is 7 of 17

Answer Stats

HintCharacter% Correct
Leader of The KingdomKing Ezekiel
96%
TigerShiva
84%
Personal Steward and BodyguardJerry
83%
Leader of the ScavengersJadis
59%
Teen that Morgan teaches AikidoBenjamin
58%
Savior that is ordered to kill OliviaArat
49%
Kingdom SoldiersRichard
39%
Leader of a group of Saviors that collects offerings from the KingdomGavin
37%
Oceanside resident that helps TaraCyndie
28%
Savior that kills a kingdom soldierJared
28%
Leader of the OceansideNatania
25%
Dianne
22%
A Savior that gets the ironMark
13%
Spiked walkerWinslow
13%
Oceanside resident that Tara sparesBeatrice
10%
Scavenger that takes GabrielTamiel
10%
Alvaro
7%

Score Distribution

Percentile by Number Answered

Percent of People with Each Score

Your Score History

You have not taken this quiz since the last reset